|
|
|
|
| LEADER |
00000cam a2200000 7i4500 |
| 001 |
0000009496 |
| 002 |
000010348 |
| 005 |
20000330.0 |
| 020 |
|
|
|a 0435122371
|
| 090 |
0 |
0 |
|a JF
|b DAH
|
| 100 |
1 |
|
|a Dahl, Roald
|
| 245 |
1 |
4 |
|a The wonderful story of Henry Sugar
|c Roald Dahl
|
| 260 |
|
|
|a Oxford :
|b Heinemann Educational Books Ltd ,
|c 1979
|
| 300 |
|
|
|a 222p. ;
|c 17cm.
|
| 650 |
0 |
0 |
|a Children's stories
|
| 999 |
|
|
|a 048450
|b BUKU
|c PINJAMAN
|e PERPUSTAKAAN KOMUNITI PETALING JAYA
|
| 999 |
|
|
|a 048451
|b BUKU
|c PINJAMAN
|e PERPUSTAKAAN KOMUNITI PETALING JAYA
|
| 999 |
|
|
|a 048452
|b BUKU
|c PINJAMAN
|e PERPUSTAKAAN KOMUNITI PETALING JAYA
|
| 999 |
|
|
|a 053709
|b BUKU
|c PINJAMAN
|e PERPUSTAKAAN KOMUNITI PETALING JAYA
|
| 999 |
|
|
|a 053710
|b BUKU
|c PINJAMAN
|e PERPUSTAKAAN KOMUNITI PETALING JAYA
|